Statistics for Countries Without Vowels Quiz #03

Click here to take the quiz!

General Stats

  • This quiz has been taken 25 times
  • The average score is 12 of 14

Answer Stats

Countries (No Vowels)Countries% Correct
GYPTEgypt
100%
NRTH MCDNNorth Macedonia
100%
RPBLC F TH CNGRepublic of the Congo
96%
SMLSomalia
96%
SPNSpain
96%
SNT KTTS ND NVSSaint Kitts and Nevis
87%
BLGRBulgaria
83%
RQIraq
83%
SMSamoa
83%
NGLAngola
78%
GN-BSSGuinea-Bissau
78%
LBNAlbania
65%
NDNSIndonesia
61%
CDREcuador
48%

Score Distribution

Percentile by Number Answered

Percent of People with Each Score

Your Score History

You have not taken this quiz